000 nam a22 4500
999 _c9134
_d9134
008 180411b ||||| |||| 00| 0 eng d
245 _aEducators urge gov't: Keep Lumad schoolchildren safe.
260 _aPhilippines
_bManila Bulletin
_cc2017
300 _apage A15.
650 0 _927309
_aNative peoples.
942 _2ddc
_cPER